[Event "RC-2016-0-00186"]
[Site "LSS email"]
[Date "2016.04.17"]
[Round "?"]
[White "Korostenski, Frank"]
[Black "Laczay, Istvan"]
[Result "1-0"]
[WhiteElo "1744"]
[BlackElo "1693"]
[PlyCount "45"]
[EventDate "2016.01.27"]
[EventType "tourn (corr)"]
[EventRounds "6"]
[EventCountry "GER"]
[SourceTitle "Corr 2022"]
[Source "ChessBase"]
[SourceDate "2021.10.24"]
[SourceVersion "1"]
[SourceVersionDate "2021.10.24"]
[SourceQuality "1"]

1. e4 c5 2. a3 g6 3. b4 Bg7 4. Nc3 Nc6 5. bxc5 Bxc3 6. dxc3 Qa5 7. Qd3 Nf6 8. Rb1 0-0 9. Nf3 Rd8 10. Nd2 d5 11. cxd6 Rxd6 12. Qe3 Rd8 13. Be2 Qa4 14. 0-0 Qxc2 15. h3 Qa4 16. Re1 Qa5 17. Nf3 a6 18. e5 Bf5 19. Rxb7 Ne4 20. g4 Bc8 21. Rb6 Bd7 22. e6 fxe6 23. Bc4 1-0

[Event "SC-2013-0-00197"]
[Site "LSS email"]
[Date "2013.09.30"]
[Round "?"]
[White "Korostenski, Frank"]
[Black "Madrid Sole, Antonio"]
[Result "1/2-1/2"]
[WhiteElo "1749"]
[BlackElo "1557"]
[PlyCount "55"]
[EventDate "2013.08.23"]
[EventType "tourn (corr)"]
[EventRounds "6"]
[EventCountry "GER"]
[SourceTitle "Corr 2022"]
[Source "ChessBase"]
[SourceDate "2021.10.24"]
[SourceVersion "1"]
[SourceVersionDate "2021.10.24"]
[SourceQuality "1"]

1. e4 d5 2. Nc3 dxe4 3. Nxe4 Qd5 4. Nc3 Qd6 5. d4 Nf6 6. Nf3 c6 7. Ne5 Nbd7 8. Bf4 Nd5 9. Nxd5 Qxd5 10. Qf3 Qxf3 11. Nxf3 Nf6 12. Bd3 Bg4 13. Ne5 Bh5 14. 0-0 e6 15. c3 Be7 16. h3 0-0 17. Bg5 Rad8 18. Rfe1 Nd5 19. Bxe7 Nxe7 20. Bf1 Bg6 21. g3 Nd5 22. h4 Rfe8 23. Kg2 Kf8 24. Rad1 Nb6 25. g4 f6 26. Nxg6+ hxg6 27. Kg3 Kf7 28. Bd3 1/2-1/2

[Event "SC-2013-0-00197"]
[Site "LSS email"]
[Date "2013.09.30"]
[Round "?"]
[White "Korostenski, Frank"]
[Black "Schulz, Hans Juergen"]
[Result "1/2-1/2"]
[WhiteElo "1749"]
[BlackElo "1815"]
[PlyCount "83"]
[EventDate "2013.08.23"]
[EventType "tourn (corr)"]
[EventRounds "6"]
[EventCountry "GER"]
[SourceTitle "Corr 2022"]
[Source "ChessBase"]
[SourceDate "2021.10.24"]
[SourceVersion "1"]
[SourceVersionDate "2021.10.24"]
[SourceQuality "1"]

1. e4 e5 2. Nc3 Nf6 3. g3 Bc5 4. Bg2 Nc6 5. Na4 Be7 6. c4 h5 7. h3 h4 8. g4 a6 9. Nc3 Bc5 10. Nf3 d6 11. d3 Nd4 12. Bg5 Ne6 13. Qd2 Nxg5 14. Qxg5 Kf8 15. 0-0 Be6 16. Rac1 Nd7 17. Qd2 a5 18. Ng5 Kg8 19. Kh2 Nf8 20. f4 c6 21. f5 Bd7 22. a3 a4 23. Nf3 Nh7 24. Rcd1 Nf6 25. d4 exd4 26. Nxd4 Qe7 27. Rfe1 Be8 28. Kh1 Nd7 29. Nf3 f6 30. Qc2 Nb6 31. Na2 g5 32. Nb4 Bf7 33. Bf1 Nd7 34. Nd3 Bb6 35. Nc1 Kg7 36. Qh2 Ne5 37. Nxe5 fxe5 38. Qc2 Rhd8 39. Bg2 Kg8 40. Rd3 Bc5 41. Red1 Kg7 42. Ne2 1/2-1/2

[Event "SC-2013-0-00197"]
[Site "LSS email"]
[Date "2013.09.30"]
[Round "?"]
[White "Moreira, Carlos"]
[Black "Korostenski, Frank"]
[Result "0-1"]
[WhiteElo "1784"]
[BlackElo "1749"]
[PlyCount "74"]
[EventDate "2013.08.23"]
[EventType "tourn (corr)"]
[EventRounds "6"]
[EventCountry "GER"]
[SourceTitle "Corr 2022"]
[Source "ChessBase"]
[SourceDate "2021.10.24"]
[SourceVersion "1"]
[SourceVersionDate "2021.10.24"]
[SourceQuality "1"]

1. Nf3 Nc6 2. g3 e5 3. d3 d5 4. Bg2 Nf6 5. 0-0 Be7 6. Bg5 0-0 7. Nc3 Be6 8. Nd2 h6 9. Bxf6 Bxf6 10. e4 dxe4 11. Ndxe4 Be7 12. Na4 Rb8 13. Nac5 Bxc5 14. Nxc5 Bd5 15. Bxd5 Qxd5 16. Nb3 Rbe8 17. Qe2 f5 18. Rae1 b6 19. Qd2 a5 20. a4 Rf6 21. Re2 b5 22. axb5 Qxb5 23. Qc3 a4 24. Nd2 Nd4 25. Re3 Rc6 26. Nc4 Qd5 27. f4 e4 28. Ra1 Nf3+ 29. Kh1 g5 30. fxg5 Nxg5 31. Kg1 Nh3+ 32. Kf1 f4 33. gxf4 Rg6 34. Ke1 Nxf4 35. Rd1 Ree6 36. d4 Rc6 37. Rg3 Rxc4 0-1

[Event "RC-2013-0-00124"]
[Site "LSS email"]
[Date "2013.07.28"]
[Round "?"]
[White "Van der Meer, Heine"]
[Black "Korostenski, Frank"]
[Result "1/2-1/2"]
[WhiteElo "1600"]
[BlackElo "1675"]
[PlyCount "132"]
[EventDate "2013.06.06"]
[EventType "tourn (corr)"]
[EventRounds "6"]
[EventCountry "GER"]
[SourceTitle "Telechess CBM 163"]
[Source "ChessBase"]
[SourceDate "2014.11.11"]
[SourceVersion "2"]
[SourceVersionDate "2014.11.11"]
[SourceQuality "1"]

1. d4 Nc6 2. Nf3 d6 3. c4 e5 4. dxe5 Nxe5 5. Nxe5 dxe5 6. Qxd8+ Kxd8 7. Nc3 c6 8. Be3 Be6 9. 0-0-0+ Kc7 10. b3 Nf6 11. f3 Ba3+ 12. Kb1 Bf5+ 13. Ka1 h5 14. Bg5 Bc2 15. Rd2 Bg6 16. Bxf6 gxf6 17. e4 Rad8 18. Bd3 h4 19. Rhd1 Rhg8 20. Kb1 Bc5 21. Bc2 Rxd2 22. Rxd2 a6 23. a4 Bh7 24. Bd3 Rd8 25. Kc2 Rg8 26. Re2 Bg1 27. h3 Bc5 28. Na2 a5 29. Nc3 Bd4 30. Na2 Kb6 31. Kd2 Kc5 32. Kc2 Kd6 33. Kd2 Ke6 34. Nc3 Bg1 35. Ke1 Bh2 36. Kf1 Bf4 37. Rc2 Be3 38. Nd1 Bd4 39. Re2 Rd8 40. Rd2 Bc5 41. Ke2 Bb4 42. Rc2 f5 43. exf5+ Bxf5 44. Nf2 Bc5 45. Ne4 Be7 46. Nf2 Bxd3+ 47. Nxd3 f5 48. Rc1 c5 49. Rf1 b6 50. Rd1 Bg5 51. f4 e4 52. fxg5 exd3+ 53. Rxd3 Rg8 54. g4 fxg4 55. hxg4 Rxg5 56. Kf3 Rg8 57. Re3+ Kf6 58. Kf4 Rh8 59. g5+ Kg6 60. Kg4 h3 61. Rxh3 Rxh3 62. Kxh3 Kxg5 63. Kg3 Kf5 64. Kf3 Ke5 65. Ke3 Kf5 66. Kf3 Ke5 1/2-1/2

[Event "RC-2013-0-00124"]
[Site "LSS email"]
[Date "2013.07.26"]
[Round "?"]
[White "Hlavacek, Ladislav"]
[Black "Korostenski, Frank"]
[Result "1-0"]
[WhiteElo "1771"]
[BlackElo "1675"]
[PlyCount "35"]
[EventDate "2013.06.06"]
[EventType "tourn (corr)"]
[EventRounds "6"]
[EventCountry "GER"]
[SourceTitle "Corr 2015"]
[Source "ChessBase"]
[SourceDate "2015.07.17"]
[SourceVersion "1"]
[SourceVersionDate "2015.07.17"]
[SourceQuality "1"]

1. Nf3 Nc6 2. e4 f5 3. exf5 d5 4. Bb5 Bxf5 5. Ne5 Qd6 6. d4 Nf6 7. c4 Nd7 8. 0-0 Ncxe5 9. dxe5 Qxe5 10. Re1 Qd6 11. cxd5 0-0-0 12. Qf3 Qb4 13. Nc3 Qg4 14. Qxg4 Bxg4 15. Bf4 a6 16. Bxd7+ Rxd7 17. Rac1 h6 18. Na4 1-0

[Event "ZI-2013-0-01648"]
[Site "LSS email"]
[Date "2013.07.26"]
[Round "?"]
[White "Rogachev, Vitaly Vasilievich"]
[Black "Korostenski, Frank"]
[Result "1-0"]
[WhiteElo "1921"]
[BlackElo "1662"]
[PlyCount "35"]
[EventDate "2013.07.19"]
[EventType "match (corr)"]
[EventRounds "2"]
[EventCountry "GER"]
[SourceTitle "Corr 2015"]
[Source "ChessBase"]
[SourceDate "2015.07.17"]
[SourceVersion "1"]
[SourceVersionDate "2015.07.17"]
[SourceQuality "1"]

1. Nf3 Nc6 2. d4 d6 3. c4 e5 4. d5 Nce7 5. Nc3 f5 6. e4 c5 7. Ng5 Nf6 8. Bd3 fxe4 9. Ncxe4 Nf5 10. 0-0 Be7 11. f4 0-0 12. fxe5 dxe5 13. Nxf6+ Rxf6 14. Qh5 h6 15. Ne4 Rf8 16. g4 Nh4 17. Bxh6 gxh6 18. d6 1-0

[Event "SC-2013-0-00178"]
[Site "LSS email"]
[Date "2013.03.12"]
[Round "?"]
[White "Gazen, Louis"]
[Black "Korostenski, Frank"]
[Result "1-0"]
[WhiteElo "1726"]
[BlackElo "1675"]
[PlyCount "25"]
[EventDate "2013.02.05"]
[EventType "tourn (corr)"]
[EventRounds "6"]
[EventCountry "GER"]
[SourceTitle "Corr 2015"]
[Source "ChessBase"]
[SourceDate "2015.07.17"]
[SourceVersion "1"]
[SourceVersionDate "2015.07.17"]
[SourceQuality "1"]

1. e4 c5 2. Nf3 Nf6 3. e5 Nd5 4. Nc3 e6 5. Bc4 Nb6 6. d3 d5 7. exd6 Nxc4 8. dxc4 Qxd6 9. Qxd6 Bxd6 10. Nb5 Ke7 11. Ng5 Rd8 12. Ne4 Be5 13. f4 1-0

[Event "SC-2012-0-00168"]
[Site "LSS email"]
[Date "2012.12.30"]
[Round "?"]
[White "Hillebrand, Carsten"]
[Black "Korostenski, Frank"]
[Result "1/2-1/2"]
[WhiteElo "1622"]
[BlackElo "1821"]
[PlyCount "29"]
[EventDate "2012.12.14"]
[EventType "tourn (corr)"]
[EventRounds "6"]
[EventCountry "GER"]
[SourceTitle "Corr 2022"]
[Source "ChessBase"]
[SourceDate "2021.10.24"]
[SourceVersion "1"]
[SourceVersionDate "2021.10.24"]
[SourceQuality "1"]

1. c4 Nc6 2. g3 f5 3. Bg2 e5 4. b3 Nf6 5. Bb2 d6 6. Nc3 g6 7. e3 Bg7 8. Nge2 0-0 9. d3 Be6 10. Nd5 Rb8 11. Qd2 a6 12. 0-0 Qd7 13. Nxf6+ Bxf6 14. d4 exd4 15. Nxd4 1/2-1/2

[Event "SC-2012-0-00167"]
[Site "LSS email"]
[Date "2012.12.26"]
[Round "?"]
[White "Dlugolecki, Grzegorz"]
[Black "Korostenski, Frank"]
[Result "1/2-1/2"]
[WhiteElo "1524"]
[BlackElo "1675"]
[PlyCount "28"]
[EventDate "2012.11.29"]
[EventType "tourn (corr)"]
[EventRounds "6"]
[EventCountry "GER"]
[SourceTitle "Corr 2015"]
[Source "ChessBase"]
[SourceDate "2015.07.17"]
[SourceVersion "1"]
[SourceVersionDate "2015.07.17"]
[SourceQuality "1"]

1. e4 c5 2. Nf3 Nf6 3. e5 Nd5 4. Nc3 e6 5. d4 Nc6 6. Nxd5 exd5 7. dxc5 Bxc5 8. c3 d6 9. b4 Bb6 10. Qxd5 dxe5 11. Qxd8+ Bxd8 12. b5 Nb8 13. Nxe5 Bf6 14. f4 Nd7 1/2-1/2

[Event "SC-2012-0-00167"]
[Site "LSS email"]
[Date "2012.12.26"]
[Round "?"]
[White "Korostenski, Frank"]
[Black "Willmann, Bernd"]
[Result "1/2-1/2"]
[WhiteElo "1675"]
[BlackElo "1965"]
[PlyCount "57"]
[EventDate "2012.11.29"]
[EventType "tourn (corr)"]
[EventRounds "6"]
[EventCountry "GER"]
[SourceTitle "Telechess CBM 163"]
[Source "ChessBase"]
[SourceDate "2014.11.11"]
[SourceVersion "2"]
[SourceVersionDate "2014.11.11"]
[SourceQuality "1"]

1. e4 c6 2. d4 d5 3. e5 Bf5 4. Nf3 e6 5. Be3 Qb6 6. Qc1 Nd7 7. Be2 Ne7 8. 0-0 Bg6 9. Nh4 Nf5 10. Nxf5 Bxf5 11. c4 h6 12. c5 Qc7 13. Nc3 Be7 14. b4 0-0 15. f4 b6 16. g4 Bh7 17. f5 a5 18. cxb6 Qxb6 19. b5 cxb5 20. Bxb5 Nxe5 21. dxe5 d4 22. Bf2 Bh4 23. Nd5 Bxf2+ 24. Rxf2 Qxb5 25. Nc7 Qxe5 26. Nxa8 Rxa8 27. Qc6 Rd8 28. Rd1 Kh8 29. Qb6 1/2-1/2

[Event "SC-2012-0-00167"]
[Site "LSS email"]
[Date "2012.12.26"]
[Round "?"]
[White "Mostowik, Daniel"]
[Black "Korostenski, Frank"]
[Result "1-0"]
[WhiteElo "1763"]
[BlackElo "1675"]
[PlyCount "85"]
[EventDate "2012.11.29"]
[EventType "tourn (corr)"]
[EventRounds "6"]
[EventCountry "GER"]
[SourceTitle "Telechess CBM 163"]
[Source "ChessBase"]
[SourceDate "2014.11.11"]
[SourceVersion "2"]
[SourceVersionDate "2014.11.11"]
[SourceQuality "1"]

1. e4 Nf6 2. e5 Nd5 3. d4 d6 4. c4 Nb6 5. exd6 exd6 6. Nc3 Be7 7. Bd3 0-0 8. Nge2 Nc6 9. 0-0 Bg4 10. Be3 Bf6 11. h3 Bh5 12. Qd2 Bg6 13. b3 Bxd3 14. Qxd3 Re8 15. a3 a5 16. Rae1 a4 17. b4 d5 18. c5 Nc4 19. Nf4 Nxe3 20. Rxe3 Rxe3 21. fxe3 Ne7 22. Qb5 Rb8 23. Qxa4 Bg5 24. Qd1 c6 25. Qf3 g6 26. g4 Qd7 27. Kg2 f5 28. a4 Rf8 29. Qg3 Re8 30. a5 fxg4 31. hxg4 Kg7 32. Nd3 Qe6 33. Rf3 Ng8 34. Qc7+ Qe7 35. Qxe7+ Rxe7 36. Ne5 Bf6 37. a6 Bxe5 38. a7 Re8 39. dxe5 Ra8 40. e6 Rxa7 41. Rf7+ Kh6 42. e7 Nxe7 43. Rxe7 1-0

[Event "SC-2012-0-00167"]
[Site "LSS email"]
[Date "2012.12.25"]
[Round "?"]
[White "Albesa, Alfredo Ricardo"]
[Black "Korostenski, Frank"]
[Result "1/2-1/2"]
[WhiteElo "1813"]
[BlackElo "1675"]
[PlyCount "135"]
[EventDate "2012.11.29"]
[EventType "tourn (corr)"]
[EventRounds "6"]
[EventCountry "GER"]
[SourceTitle "Telechess CBM 163"]
[Source "ChessBase"]
[SourceDate "2014.11.11"]
[SourceVersion "2"]
[SourceVersionDate "2014.11.11"]
[SourceQuality "1"]

1. e4 c5 2. Nf3 Nf6 3. e5 Nd5 4. Nc3 e6 5. Nxd5 exd5 6. d4 Nc6 7. c3 Qb6 8. Bd3 d6 9. exd6 Bxd6 10. dxc5 Bxc5 11. Qe2+ Be7 12. Be3 Qc7 13. 0-0 0-0 14. Rad1 Bg4 15. h3 Be6 16. Rfe1 h6 17. Bc2 Qd7 18. c4 Nb4 19. Bb1 Bf5 20. a3 Bxb1 21. Rxb1 Na6 22. Rbd1 Nc7 23. Bxh6 Rfe8 24. Be3 Qc6 25. cxd5 Nxd5 26. Ne5 Qe6 27. Qb5 Nxe3 28. Rxe3 Bg5 29. Ree1 Bf6 30. Nd3 Qc6 31. Qxc6 bxc6 32. Rxe8+ Rxe8 33. b4 a5 34. Kf1 axb4 35. axb4 Rd8 36. Ke2 Re8+ 37. Kd2 Re4 38. g3 Be7 39. Rc1 Bxb4+ 40. Nxb4 Rxb4 41. Rxc6 g6 42. h4 Kg7 43. Rc7 Ra4 44. Ke3 Ra3+ 45. Ke4 Ra2 46. Kf3 Ra4 47. g4 Ra3+ 48. Kg2 Rb3 49. f3 Rb2+ 50. Kg3 Rb1 51. Ra7 Rb4 52. Ra1 Rb5 53. Rc1 Ra5 54. Rc7 Ra4 55. Rc5 Rb4 56. Rd5 Ra4 57. Rb5 Rc4 58. Rb7 Ra4 59. Rc7 Rb4 60. Rd7 Ra4 61. Rd6 Rb4 62. Rd1 Ra4 63. Rd8 Rb4 64. Rd6 Ra4 65. Rb6 Rc4 66. Rb2 Ra4 67. Rb1 Rc4 68. Rb5 1/2-1/2

[Event "LSS No Engine Cup 59 Final"]
[Site "LSS email"]
[Date "2012.11.19"]
[Round "?"]
[White "Korostenski, Frank"]
[Black "Kiryushin, Anatoly"]
[Result "1-0"]
[WhiteElo "1662"]
[BlackElo "1825"]
[PlyCount "155"]
[EventDate "2012.11.20"]
[EventType "tourn (corr)"]
[EventRounds "6"]
[EventCountry "GER"]
[SourceTitle "Telechess CBM 161"]
[Source "ChessBase"]
[SourceDate "2014.07.16"]
[SourceVersion "1"]
[SourceVersionDate "2014.07.16"]
[SourceQuality "1"]

1. e4 c5 2. a3 Nc6 3. b4 cxb4 4. axb4 Nxb4 5. d4 d5 6. c3 Nc6 7. exd5 Qxd5 8. Na3 Qa5 9. Nf3 Bg4 10. Bd2 Nf6 11. Qb3 Rb8 12. Be2 Qd5 13. c4 Nxd4 14. Qb2 Nxf3+ 15. gxf3 Qc6 16. Nb5 Bxf3 17. Nd4 Bxh1 18. Nxc6 Bxc6 19. Rxa7 e6 20. Bf4 Rd8 21. Rxb7 Bxb7 22. Qxb7 Rd7 23. Qa8+ Rd8 24. Qa4+ Nd7 25. Bc7 Rc8 26. Bb6 Be7 27. c5 0-0 28. Qxd7 Bxc5 29. Ba6 Bb4+ 30. Kf1 Rb8 31. Bb7 Bd6 32. Kg2 Bb4 33. Qc6 Bd6 34. h4 Rfe8 35. h5 Be5 36. Ba7 Rbd8 37. Qe4 Bd6 38. h6 gxh6 39. Qh4 Be5 40. Bc6 Rf8 41. Bc5 Bg7 42. Qg3 Kh8 43. Bxf8 Rxf8 44. Qc7 Bf6 45. Ba4 Kg8 46. Bc2 Rd8 47. Qf4 Kg7 48. Qe4 Kf8 49. Qxh7 Bg7 50. Qe4 Bf6 51. f4 Rd5 52. f5 Re5 53. Qf3 exf5 54. Bxf5 Bg5 55. Bb1 Re6 56. Qf5 Rf6 57. Qh7 Ke7 58. Kg3 Bf4+ 59. Kf3 Be5+ 60. Ke4 Bc7 61. Ba2 Rf4+ 62. Kd5 Rf6 63. Qg8 Re6 64. Kc5 Rf6 65. Bd5 Bf4 66. Qc8 Bg3 67. Kd4 h5 68. Kd3 h4 69. Qc5+ Rd6 70. Ke4 Kf8 71. Kf5 Kg7 72. Qc3+ Kf8 73. Ba2 Ke7 74. Qg7 Kd7 75. Bxf7 Kc6 76. Qc3+ Kb6 77. Qb4+ Kc6 78. Qc4+ 1-0

[Event "OP-2012-0-02477"]
[Site "LSS email"]
[Date "2012.11.02"]
[Round "?"]
[White "Korostenski, Frank"]
[Black "Kolanek, Roman"]
[Result "1/2-1/2"]
[WhiteElo "1731"]
[BlackElo "2089"]
[PlyCount "47"]
[EventDate "2012.10.29"]
[EventType "tourn (corr)"]
[EventRounds "4"]
[EventCountry "GER"]
[SourceTitle "Telechess CBM 163"]
[Source "ChessBase"]
[SourceDate "2014.11.11"]
[SourceVersion "2"]
[SourceVersionDate "2014.11.11"]
[SourceQuality "1"]

1. e4 e5 2. Bc4 Nf6 3. d3 Bc5 4. Nf3 0-0 5. 0-0 d6 6. c3 Qe7 7. Nbd2 a6 8. b4 Ba7 9. a4 Nc6 10. Ba3 Nh5 11. g3 Bh3 12. Re1 Nf6 13. Nb3 Nd8 14. d4 Ne6 15. Bf1 Bxf1 16. Kxf1 Rfd8 17. Kg2 h6 18. Qd3 Qd7 19. Bb2 Rac8 20. Red1 Re8 21. h3 exd4 22. cxd4 d5 23. e5 Ne4 24. Nbd2 1/2-1/2

[Event "RC-2012-0-00104"]
[Site "LSS email"]
[Date "2012.09.28"]
[Round "?"]
[White "Korostenski, Frank"]
[Black "Bujdak, Pavol"]
[Result "1-0"]
[WhiteElo "1698"]
[BlackElo "1607"]
[PlyCount "61"]
[EventDate "2012.07.17"]
[EventType "tourn (corr)"]
[EventRounds "6"]
[EventCountry "GER"]
[SourceTitle "Telechess CBM 159"]
[Source "ChessBase"]
[SourceDate "2014.03.17"]
[SourceVersion "1"]
[SourceVersionDate "2014.03.17"]
[SourceQuality "1"]
[BlackTeam "IWEC (Canada)"]

1. e4 c5 2. a3 Nc6 3. b4 cxb4 4. axb4 Nxb4 5. c3 Nc6 6. d4 d6 7. Qa4 Bd7 8. d5 Ne5 9. Qd4 e6 10. f4 Ng6 11. Nf3 exd5 12. exd5 a5 13. Nbd2 Be7 14. Bd3 Nf6 15. 0-0 0-0 16. Rb1 Qc7 17. Re1 Bd8 18. Ba3 Re8 19. Rxe8+ Nxe8 20. c4 Nf6 21. h3 h6 22. g4 a4 23. f5 Nf8 24. h4 N8h7 25. g5 hxg5 26. hxg5 Ne8 27. Qf4 Be7 28. Kg2 Qd8 29. f6 Nhxf6 30. gxf6 Bxf6 31. Ne4 1-0

[Event "RC-2012-0-00104"]
[Site "LSS email"]
[Date "2012.09.28"]
[Round "?"]
[White "Korostenski, Frank"]
[Black "Willmann, Bernd"]
[Result "1-0"]
[WhiteElo "1698"]
[BlackElo "1850"]
[PlyCount "81"]
[EventDate "2012.07.17"]
[EventType "tourn (corr)"]
[EventRounds "6"]
[EventCountry "GER"]
[SourceTitle "Telechess CBM 159"]
[Source "ChessBase"]
[SourceDate "2014.03.17"]
[SourceVersion "1"]
[SourceVersionDate "2014.03.17"]
[SourceQuality "1"]

1. e4 e5 2. Nc3 Nf6 3. g3 Nc6 4. Bg2 Bc5 5. Nge2 a6 6. 0-0 d6 7. d3 0-0 8. h3 Be6 9. Kh2 Qe7 10. Nd5 Bxd5 11. exd5 Nd4 12. Nxd4 Bxd4 13. c3 Ba7 14. Qf3 h6 15. Bd2 a5 16. Rae1 a4 17. Qd1 Qd7 18. f4 exf4 19. Bxf4 Nh7 20. d4 Rae8 21. Bc1 Rxe1 22. Rxe1 Bb6 23. a3 Ra8 24. Qf3 Qd8 25. h4 Nf6 26. Bh3 Ra5 27. g4 Nh7 28. Kg3 g5 29. hxg5 Nxg5 30. Qh1 Kg7 31. Bf1 Qf6 32. Bd3 Ra8 33. Rf1 Qe7 34. Bxg5 Qxg5 35. Qe4 Rh8 36. Rf5 Qd8 37. Bb5 Kf8 38. Rf4 Qe7 39. Qf5 Rg8 40. Kf3 Kg7 41. Bxa4 1-0

[Event "SC-2012-0-00157"]
[Site "LSS email"]
[Date "2012.09.24"]
[Round "?"]
[White "Hall, Dick"]
[Black "Korostenski, Frank"]
[Result "1/2-1/2"]
[WhiteElo "1638"]
[BlackElo "1709"]
[PlyCount "40"]
[EventDate "2012.08.16"]
[EventType "tourn (corr)"]
[EventRounds "6"]
[EventCountry "GER"]
[SourceTitle "Telechess CBM 159"]
[Source "ChessBase"]
[SourceDate "2014.03.17"]
[SourceVersion "1"]
[SourceVersionDate "2014.03.17"]
[SourceQuality "1"]

1. d4 Nf6 2. c4 g6 3. Nc3 d5 4. cxd5 Nxd5 5. e4 Nxc3 6. bxc3 Bg7 7. Nf3 0-0 8. Be2 Nc6 9. 0-0 b6 10. Be3 Bb7 11. Qc2 Qd6 12. Rab1 Na5 13. c4 e6 14. c5 Qc6 15. Bd3 Qd7 16. Rfc1 Bc6 17. Ne5 Bxe5 18. dxe5 Qe7 19. Rd1 Rfd8 20. cxb6 axb6 1/2-1/2

[Event "SC-2012-0-00157"]
[Site "LSS email"]
[Date "2012.09.20"]
[Round "?"]
[White "Korostenski, Frank"]
[Black "Willmann, Bernd"]
[Result "1-0"]
[WhiteElo "1709"]
[BlackElo "1843"]
[PlyCount "53"]
[EventDate "2012.08.16"]
[EventType "tourn (corr)"]
[EventRounds "6"]
[EventCountry "GER"]
[SourceTitle "Telechess CBM 159"]
[Source "ChessBase"]
[SourceDate "2014.03.17"]
[SourceVersion "1"]
[SourceVersionDate "2014.03.17"]
[SourceQuality "1"]

1. e4 c6 2. Nc3 d5 3. Nf3 Bg4 4. h3 Bxf3 5. Qxf3 e6 6. d3 d4 7. Nb1 Bd6 8. Nd2 Ne7 9. Be2 Nd7 10. 0-0 0-0 11. g3 c5 12. Qg2 Nc6 13. f4 Bc7 14. e5 Nb4 15. Bd1 b5 16. a4 a6 17. Ne4 Nd5 18. Bd2 b4 19. Bf3 Rb8 20. b3 Qe7 21. Rae1 Nc3 22. Nxc3 bxc3 23. Bc1 Rfd8 24. Bc6 Nb6 25. f5 Nd5 26. Re2 exf5 27. Bxd5 1-0

[Event "SC-2012-0-00149"]
[Site "LSS email"]
[Date "2012.07.02"]
[Round "?"]
[White "Van Rooijen, Peter"]
[Black "Korostenski, Frank"]
[Result "1/2-1/2"]
[WhiteElo "1766"]
[BlackElo "1784"]
[PlyCount "64"]
[EventDate "2012.05.17"]
[EventType "tourn (corr)"]
[EventRounds "6"]
[EventCountry "GER"]
[SourceTitle "Corr 2022"]
[Source "ChessBase"]
[SourceDate "2021.10.24"]
[SourceVersion "1"]
[SourceVersionDate "2021.10.24"]
[SourceQuality "1"]

1. b4 c5 2. bxc5 e5 3. Bb2 Nc6 4. Nf3 e4 5. Ne5 Bxc5 6. e3 Nxe5 7. Bxe5 Qg5 8. Bf4 Qg6 9. Nc3 Nf6 10. h4 0-0 11. h5 Qf5 12. h6 g5 13. Bg3 a6 14. Na4 Ba7 15. Qb1 b5 16. Nc3 Bc5 17. Qb2 Qg6 18. Be5 Be7 19. Be2 Re8 20. Bd4 d5 21. Kf1 Bg4 22. Rb1 Bxe2+ 23. Kxe2 Qf5 24. a4 b4 25. Bxf6 Bxf6 26. Qxb4 Rac8 27. Ke1 Red8 28. Qb7 Bxc3 29. dxc3 Qe5 30. Rh5 Rxc3 31. Qb6 Re8 32. g4 f6 1/2-1/2

[Event "SC-2012-0-00149"]
[Site "LSS email"]
[Date "2012.07.01"]
[Round "?"]
[White "Lipsits, Sasha"]
[Black "Korostenski, Frank"]
[Result "0-1"]
[WhiteElo "1605"]
[BlackElo "1698"]
[PlyCount "102"]
[EventDate "2012.05.17"]
[EventType "tourn (corr)"]
[EventRounds "6"]
[EventCountry "GER"]
[SourceTitle "Telechess CBM 159"]
[Source "ChessBase"]
[SourceDate "2014.03.17"]
[SourceVersion "1"]
[SourceVersionDate "2014.03.17"]
[SourceQuality "1"]

1. e4 c5 2. Nf3 Nf6 3. e5 Nd5 4. Nc3 e6 5. Bc4 Nb6 6. d3 d5 7. Bb5+ Bd7 8. Bg5 Be7 9. Bxe7 Qxe7 10. Bxd7+ N8xd7 11. 0-0 0-0 12. Re1 h6 13. Ne2 Nb8 14. Nf4 Nc6 15. c3 Rac8 16. a3 Nd7 17. h3 b5 18. a4 b4 19. Qe2 bxc3 20. bxc3 Rb8 21. Rab1 Rxb1 22. Rxb1 Nb6 23. Qa2 Qc7 24. d4 Nc4 25. Nd3 cxd4 26. cxd4 Rb8 27. Qc2 Rb6 28. Rb3 Qb7 29. Nc5 Qe7 30. Nd3 Nb4 31. Nxb4 Rxb4 32. Rxb4 Qxb4 33. h4 Qa3 34. h5 Qa1+ 35. Kh2 a6 36. Kg3 Qb2 37. Qd1 Qa2 38. Ng1 Nb6 39. Qc1 Qb3+ 40. Nf3 Nc4 41. Qa1 a5 42. Kh4 Na3 43. Qf1 Qxa4 44. Qa6 Nc4 45. Kg3 Qc2 46. Qa8+ Kh7 47. Qc6 a4 48. Qc8 a3 49. Qa6 a2 50. Qa7 Qb1 51. Qxf7 a1Q 0-1

[Event "SC-2012-0-00149"]
[Site "LSS email"]
[Date "2012.06.30"]
[Round "?"]
[White "Korostenski, Frank"]
[Black "Krabbenbos, Jan"]
[Result "0-1"]
[WhiteElo "1698"]
[BlackElo "1663"]
[PlyCount "40"]
[EventDate "2012.05.17"]
[EventType "tourn (corr)"]
[EventRounds "6"]
[EventCountry "GER"]
[SourceTitle "Telechess CBM 159"]
[Source "ChessBase"]
[SourceDate "2014.03.17"]
[SourceVersion "1"]
[SourceVersionDate "2014.03.17"]
[SourceQuality "1"]

1. e4 c6 2. d4 d5 3. Nc3 dxe4 4. Nxe4 Nd7 5. Nf3 Ngf6 6. Nxf6+ Nxf6 7. Bc4 Bf5 8. 0-0 e6 9. c3 Bd6 10. Re1 Qc7 11. h3 0-0-0 12. Bg5 h6 13. Bxf6 gxf6 14. Kh1 Rhg8 15. Bd3 Qa5 16. b4 Bxh3 17. gxh3 Qh5 18. Bf1 Rg7 19. Ne5 Qg5 20. Qg4 fxe5 0-1

[Event "SC-2012-0-00149"]
[Site "LSS email"]
[Date "2012.06.30"]
[Round "?"]
[White "Korostenski, Frank"]
[Black "Maur, Rainer"]
[Result "0-1"]
[WhiteElo "1698"]
[BlackElo "1874"]
[PlyCount "60"]
[EventDate "2012.05.17"]
[EventType "tourn (corr)"]
[EventRounds "6"]
[EventCountry "GER"]
[SourceTitle "Telechess CBM 159"]
[Source "ChessBase"]
[SourceDate "2014.03.17"]
[SourceVersion "1"]
[SourceVersionDate "2014.03.17"]
[SourceQuality "1"]

1. e4 c5 2. a3 e6 3. b4 cxb4 4. axb4 Bxb4 5. Bb2 Nf6 6. e5 Nd5 7. c4 Ne7 8. Na3 0-0 9. Nc2 Nbc6 10. Nxb4 Nxb4 11. Ba3 Nec6 12. Nf3 d6 13. Be2 dxe5 14. Qb1 Qd6 15. 0-0 a5 16. Rc1 Bd7 17. c5 Qe7 18. Bc4 f6 19. Qb2 Rfd8 20. d4 e4 21. Nd2 f5 22. Bxb4 axb4 23. Rxa8 Rxa8 24. Bf1 Qf6 25. Nc4 f4 26. Rd1 Be8 27. Ne5 e3 28. fxe3 fxe3 29. Bc4 Nxe5 30. dxe5 Qf4 0-1